01771nam a22002177a 4500003000400000005001700004008004100021020001600062082001600078100001900094245010000113250000800213260004700221300002800268490004200296520101200338700001901350942001501369952015401384999001501538OSt20260410110921.0260410b |||||||| |||| 00| 0 eng d a 1891620819 2 1891620819 a Paul Blustein aThe Chasteningb Inside the Crisis That Rocked the Global Financial System and Humbled the IMF. a1ra aNueva York - E,E U.Ub PublicAffairsc2001 a448 páginas.c23X15CM 3Tapa dura (Hardcover)asobrecubierta. aEste libro narra las crisis financieras globales de finales de los 90, centrándose en el colapso de divisas en Asia, Rusia y Brasil. Paul Blustein ofrece un acceso privilegiado a los "pasillos del poder", revelando cómo el Fondo Monetario Internacional (FMI) y el Tesoro de EE. UU. tomaron decisiones desesperadas para evitar un crack mundial. La obra expone los errores de cálculo de los tecnócratas que, a pesar de su inteligencia, no pudieron prever el pánico de los mercados. Describe cómo el FMI pasó de ser una institución omnipotente a ser humillada por la complejidad de la economía moderna. Es una crónica sobre la fragilidad del sistema financiero y el impacto humano de las políticas de austeridad. El autor combina entrevistas exclusivas con análisis técnico para explicar por qué las recetas económicas fallaron en países como Indonesia o Tailandia. En esencia, es una lección sobre los límites de la intervención internacional frente a la globalización. a Paul Blustein 2ddccBKn0 00102ddc40708F02aISUSbISUScBiblioteca Abiertad2026-04-10eLECTURAf0487i0487l0oLECTURApBIBLIO0487r2026-04-10 11:12:14t1w2026-04-10yBK c2063d2063